Представление документа в формате MARC21

ПолеНазваниеЗначение
  Тип записи a
  Библиографический уровень m
001 Контрольный номер RU/URAIT/586630
005 Дата корректировки 20260429163645.3
008 Кодируемые данные 260429s2026 RU y f j 000 0 rus u
020 Индекс ISBN __
a ISBN 978-5-534-11490-4
c Цена, тираж 589.00
040 Источник каталогиз. __
a Служба первич. каталог. ИКО Юрайт
c Служба, преобразующая запись ИКО Юрайт
e Правила каталог. RCR
041 Код языка издания __
a Код языка текста rus
044 Код страны публикации __
a Код страны публикации RU
080 Индекс УДК __
a Индекс УДК 008(075.8)
084 Индекс другой классификации/Индекс ББК __
2 Источник индекса rubbk
a Индекс другой классификации/Индекс ББК 71я73
100 Автор __
a Автор Павлова А. Ю.
q Полное имя Павлова Александра Юрьевна
245 Заглавие __
a Заглавие Художественная критика
b Продолж. заглавия учебник для вузов
c Ответственность А. Ю. Павлова, Н. В. Сколова.
250 Сведения об издании __
a Основные сведения об издании 2-е изд.
256 Характеристики компьютерного файла __
a Характеристики компьютерного файла Электрон. дан.
260 Выходные данные __
a Место издания Москва
b Издательство Юрайт
c Дата издания 2026
300 Физическое описание __
a Объем 133 с
440 Серия __
a Серия Высшее образование
500 Примечания __
a Примечание URL: https://urait.ru/bcode/586630 (дата обращения: 29.04.2026).
520 Аннотация __
a Аннотация Учебный курс посвящен теме художественной критики, которая рассматривается в трех аспектах: как особое социокультурное явление, как творческая деятельность и как совокупность форм, в которых данная творческая деятельность осуществляется. В соответствие с этим выстроена логика изложения материала. Авторы описывают место критики в системе художественной культуры и влияние на эстетическое сознание людей; характеризуют критику как творчество профессионала, либо самого художника; рассуждают о критике как системе форм, жанров и стилей; выделяют приемы и техники критического мастерства, а также границы и проявления субъективности в критическом тексте.
538 Прим. о системных особенностях __
a Прим. о системных особенностях Режим доступа: Электронно-библиотечная система Юрайт, для авториз. пользователей
653 Ключевые слова __
a Ключевые слова Искусствознание. История искусств
653 Ключевые слова __
a Ключевые слова Гуманитарные науки
653 Ключевые слова __
a Ключевые слова Теория и история художественной критики
653 Ключевые слова __
a Ключевые слова Художественная критика
653 Ключевые слова __
a Ключевые слова Критика и журналистика в сфере искусства
653 Ключевые слова __
a Ключевые слова Литературно-художественная критика
653 Ключевые слова __
a Ключевые слова Литературно-художественная критика и ее жанры
653 Ключевые слова __
a Ключевые слова Литературно-художественная и медийная критика
653 Ключевые слова __
a Ключевые слова Основы художественной критики
653 Ключевые слова __
a Ключевые слова Жанры и формы литературно-художественной критики
700 Другие авторы __
a Другие авторы Сколова Н. В.
q Полное имя Сколова Наталья Викторовна
856 Электронный адрес документа 40
n Местонахождение сервера Юрайт
g Электронная книга
q Тип электронного формата html
h Имя пользователя ЮРАЙТ
v Часы доступа к ресурсу 20271231
2 Способ доступа Показать документ
x Служебное примечание https://urait.ru/book/cover/8F30E4D3-A35F-45D7-A718-36AD43C84CD4
u URL https://urait.ru/bcode/586630
856 Электронный адрес документа 48
q Тип электронного формата cover
u URL https://urait.ru/book/cover/8F30E4D3-A35F-45D7-A718-36AD43C84CD4
911 __
u 0030=https://urait.ru/bcode/586630
911 __
u 073a=9785534114904
u 073d=589.00
911 __
u 106a=s
911 __
u 900l=
952 Тип литературы __
i Дисциплина Теория и история художественной критики
952 Тип литературы __
i Дисциплина Художественная критика
952 Тип литературы __
i Дисциплина Критика и журналистика в сфере искусства
952 Тип литературы __
i Дисциплина Литературно-художественная критика
952 Тип литературы __
i Дисциплина Литературно-художественная критика и ее жанры
952 Тип литературы __
i Дисциплина Литературно-художественная и медийная критика
952 Тип литературы __
i Дисциплина Основы художественной критики
952 Тип литературы __
i Дисциплина Жанры и формы литературно-художественной критики